Export-import.
| Main Author: | |
|---|---|
| Format: | Book |
| Published: |
Cincinnati:
Betterway Books,
1995.
|
| Edition: | 2nd ed.. |
| Subjects: |
| LEADER | 00449cam a2200169 7i4500 | ||
|---|---|---|---|
| 001 | 0000005053 | ||
| 005 | 19991025090000.0 | ||
| 002 | ##000006636 | ||
| 020 | 0 | 0 | |a 1-55870-388-8 |
| 090 | 0 | 0 | |a B 658.848 |b ZOD |
| 100 | 1 | 0 | |a Zodl |
| 245 | 1 | 0 | |a Export-import. |
| 250 | 0 | 0 | |a 2nd ed.. |
| 260 | 0 | 0 | |a Cincinnati: |b Betterway Books, |c 1995. |
| 300 | 0 | 0 | |a 151 p.. |
| 650 | 0 | 0 | |a Export marketing -- |z United States |
| 999 | |a 0000007891 |b Book |c Open shelf |e Business Information Centre | ||


